Na rozbité cesty by potrebovali milióny, nedostanú ani korunu

Bibliographic Details
Main Author: Toporcerová, Monika, 1972 (Author)
Format: Article
Language:Slovak
PhysicalDescription:1 foto
ISSN:1335-759X
Subjects:

MARC

LEADER 00000nab a2200000 a 4500
001 vtls001016208
003 SK-MaSNL
005 20260303042833.0
008 170922e20000413xo 0 slo
035 |a SN2158 
040 |a SNSK  |b slo  |c SNSK  |e AACR2 
041 0 |a slo 
044 |a xo  |c SK 
080 |a 625.76  |2 1981 
100 1 |a Toporcerová, Monika,  |d 1972  |4 aut  |9 769145 
245 1 0 |a Na rozbité cesty by potrebovali milióny, nedostanú ani korunu 
300 |b 1 foto 
650 0 7 |a cesty  |2 SNSK  |9 25096 
650 0 7 |a údržba  |2 SNSK  |9 267803 
650 0 7 |a problémy ekonomické  |2 SNSK  |9 880421 
650 0 7 |a informácie  |2 SNSK  |9 1285 
651 7 |a Gelnica (Slovensko : okres)  |2 SNSK  |9 168677 
651 7 |a GL,  |2 SNSK  |9 1021384 
655 7 |a periodikum  |2 snkbucl  |9 29553 
773 0 8 |t Spišský denník  |g Roč. 2, č.87, 13.4.2000, s. 7  |x 1335-759X 
852 |a ZVYKNI  |b KIS3GCP 
999 |c 1694021  |d 1695951